Sports Quiz

Random Sports or Basketball Quiz

NBA - 1 All-Star Appearance Quiz Stats

 Plays Quiz not verified by Sporcle

Challenge
Share
Tweet
Embed
Score 0/124 Timer 10:00
0 Plays Today
Year Player % Correct
1998Steve Smith
86.4%
1998Jayson Williams
86.4%
2009Mo Williams
86.4%
2010Deron Williams
86.4%
1966Adrian Smith
85.4%
1988Steve Johnson
78.6%
2010Derrick Rose
78.6%
2004Andrei Kirilenko
77.7%
2010Rajon Rondo
76.7%
2009Danny Granger
75.7%
1996Juwan Howard
73.8%
1965Luke Jackson
73.8%
1989Mark Jackson
73.8%
2010Al Horford
73.8%
2001Antonio Davis
72.8%
2000Dale Davis
72.8%
2007Josh Howard
72.8%
2010Gerald Wallace
72.8%
2009Devin Harris
71.8%
2007Mehmet Okur
70.9%
2010Kevin Durant
70.9%
2009Jameer Nelson
69.9%
2004Sam Cassell
68.9%
1992Reggie Lewis
68.9%
2010Zach Randolph
68.9%
1994Horace Grant
68%
2001Vlade Divac
66%
2005Manu Ginobili
65%
2004Michael Redd
65%
1994John Starks
65%
1994Kenny Anderson
63.1%
1990A.C. Green
63.1%
1984Rickey Green
63.1%
2004Kenyon Martin
62.1%
1998Rik Smits
62.1%
1994B.J. Armstrong
61.2%
1994Derrick Coleman
61.2%
1955Jack Coleman
61.2%
2002Shareef Abdur-Rahim
60.2%
1994Mookie Blaylock
59.2%
1994Charles Oakley
59.2%
2003Jamal Mashburn
58.3%
Year Player % Correct
1992Kevin Willis
58.3%
1994Clifford Robinson
56.3%
1970Flynn Robinson
55.3%
1976Fred Brown
54.4%
2001Anthony Mason
54.4%
1998Nick Van Exel
54.4%
1988Danny Ainge
53.4%
2004Jamaal Magloire
53.4%
2002Wally Szczerbiak
53.4%
2010Chris Kaman
53.4%
2004Ron Artest
52.4%
1995Cedric Ceballos
52.4%
1995Tyrone Hill
52.4%
1989Dale Ellis
51.5%
1989Mark Eaton
47.6%
1976Alvan Adams
46.6%
1992Michael Adams
46.6%
1973Bill Bradley
46.6%
1997Tom Gugliotta
45.6%
2001Antonio McDyess
44.7%
1992Otis Thorpe
44.7%
1992Jeff Hornacek
43.7%
1997Christian Laettner
42.7%
1991Ricky Pierce
42.7%
1991Hersey Hawkins
41.7%
2001Theo Ratliff
40.8%
1995Dana Barros
37.9%
1988Doc Rivers
37.9%
1968Bob Boozer
36.9%
1997Chris Gatling
35%
1975Jim Price
32%
1974Austin Carr
31.1%
1980World B. Free
31.1%
1968Jim King
31.1%
1987Joe Barry Carroll
29.1%
1980Bill Cartwright
29.1%
1988Xavier McDaniel
28.2%
1968Clyde Lee
25.2%
1987Sleepy Floyd
23.3%
1977Dan Issel
23.3%
1988James Donaldson
22.3%
1979Calvin Murphy
20.4%
Year Player % Correct
1977Billy Knight
17.5%
1968Dick Barnett
15.5%
1978Lionel Hollins
15.5%
1979Campy Russell
15.5%
1972Cazzie Russell
15.5%
1981Mike Mitchell
14.6%
1985Calvin Natt
13.6%
1984Jeff Ruland
12.6%
1976Scott Wedman
10.7%
1980Kermit Washington
9.7%
1970Bob Rule
8.7%
1956Bob Harrison
7.8%
1977Don Buse
6.8%
1975Sam Lacey
6.8%
1969Jon McGlocklin
6.8%
1975Steve Mix
6.8%
1952Max Zaslofsky
6.8%
1968Mahdi Abdul-Rahman
3.9%
1957Nathaniel Clifton
3.9%
1966Eddie Miles
3.9%
1982Lonnie Shelton
3.9%
1954Ray Felix
2.9%
1951Alex Groza
2.9%
1967Darrall Imhoff
2.9%
1963Tom Meschery
2.9%
1972Butch Beard
1.9%
1951Ralph Beard
1.9%
1973John Block
1.9%
1951Vince Boryla
1.9%
1976Curtis Rowe
1.9%
1953Don Barksdale
1%
1964Len Chappell
1%
1953Bill Gabor
1%
1960Chuck Noble
1%
1958Richie Regan
1%
1959Woody Sauldsberry
1%
1951Fred Schaus
1%
1963Lee Shaffer
1%
1954Don Sunderlage
1%
1952Paul Walther
1%

You're not logged in!

Compare scores with friends on all Sporcle quizzes.
OR
Log In

You Might Also Like...

Show Comments

Extras

Top Quizzes Today


Score Distribution

Your Account Isn't Verified!

In order to create a playlist on Sporcle, you need to verify the email address you used during registration. Go to your Sporcle Settings to finish the process.

Report this User

Report this user for behavior that violates our Community Guidelines.

Details: